| 000 | 00830nam a2200217 i 4500 | ||
|---|---|---|---|
| 001 | 162810 | ||
| 003 | ES-MaACL | ||
| 005 | 20250721200222.0 | ||
| 008 | 931025s1911 sp |||| | spa d | ||
| 100 | 1 |
_aJaksch, Rudolf von. _9162479 |
|
| 245 | 1 | 0 |
_aEnfermedades infecciosas, higiene y bacteriología / _cpor los profesores R. V. Jaksch y C. Fraenkel ; traducido por Rafael Segarra. |
| 260 |
_aMadrid : _bSaturnino Calleja Fernández, _c1911. |
||
| 300 |
_a115 p. ; _c24 cm. |
||
| 490 | 1 |
_aAnuario de ciencias médicas. Primera serie ; _v10 |
|
| 650 | 0 | 7 |
_aEnfermedades infecciosas _2embne _9135986 |
| 700 | 1 |
_aFraenkel, C. _9162480 |
|
| 700 | 0 |
_aSegarra Llorens, Rafael. _9105125 |
|
| 830 | 0 |
_aAnuario de ciencias médicas. Primera serie ; _v10 _9182797 |
|
| 852 |
_aES-MaACL _jB-11076 |
||
| 999 |
_c162810 _d162810 |
||